000
00286nam a2200109Ia 4500
008
190914s9999||||xx |||||||||||||| ||und||
100
_a
Fabozzi, Modigliani
245
0
_a
Foundations of Financial Markets And Institutions
260
_a
India
_b
Dorling
_c
2008
300
_a
652
942
_c
BK
999
_c
9982
_d
9982